Kapitoly z praktického managementu. 7 Chcete být řízen?
Určenie cieľa, oblasti výkonu a správanie v práci a ochota niesť zodpovednosť za svoju prácu. Veľký význam pre firmu má ochota profesionálnych pracovníkov nechať sa riadiť a zodpovedať sa za svoju prácu. Systém skladania účtov vo všetkých oblastiach, ktoré budú demokraticky dohodnuté, a systém bude...
Gespeichert in:
| 1. Verfasser: | |
|---|---|
| Format: | Buchkapitel |
| Sprache: | Tschechisch |
| Schlagworte: | |
| Tags: |
Keine Tags, Fügen Sie das erste Tag hinzu!
|
MARC
| LEADER | 00000naa a2200000 4500 | ||
|---|---|---|---|
| 001 | r021655 | ||
| 005 | 20230920091956.2 | ||
| 041 | 0 | |a cze | |
| 044 | |a CZ | ||
| 245 | 1 | 0 | |a Kapitoly z praktického managementu. 7 |b Chcete být řízen? |c D.H. Maister |
| 520 | |a Určenie cieľa, oblasti výkonu a správanie v práci a ochota niesť zodpovednosť za svoju prácu. Veľký význam pre firmu má ochota profesionálnych pracovníkov nechať sa riadiť a zodpovedať sa za svoju prácu. Systém skladania účtov vo všetkých oblastiach, ktoré budú demokraticky dohodnuté, a systém bude spravodlivo aplikovaný voči všetkým. | ||
| 610 | 2 | 0 | |a manažment |
| 610 | 2 | 0 | |a manažéri |
| 610 | 2 | 0 | |a zodpovednosť pracovníka |
| 100 | 1 | |a Maister, D.H. | |